|
|
|
|
| LEADER |
00000nam a22000007a 4500 |
| 005 |
2018031908548.0 |
| 007 |
cr|||| ||| |
| 008 |
180319s2017 br |||||s|||| 00||0 por d |
| 020 |
|
|
|a 978-85-7789-191-7
|
| 035 |
|
|
|a 21087
|
| 040 |
|
|
|a vLex
|
| 090 |
|
|
|c 7487
|d 7487
|
| 100 |
1 |
|
|a Tobias, Jos ̌Antonio
|
| 245 |
1 |
2 |
|a As Filosofias do Direito do Brasil
|h [Recurso electrn̤ico] /
|c Jos ̌Antonio Tobias
|
| 256 |
|
|
|a Servicio en ln̕ea
|
| 260 |
|
|
|a San Pablo:
|b JH Mizuno,
|c 2017
|
| 300 |
|
|
|a 1 recurso electrn̤ico
|
| 506 |
1 |
|
|a Disponible solo en los productos indicados
|d vLex Global
|d vLex Global (Academic Edition, excluding Law Schools)
|d vLex Global (U.S. Academic Edition, Law Schools)
|d vLex Global (U.S. Academic Edition, excluding Law Schools)
|d vLex Global (Academic Edition, Law Schools)
|
| 650 |
0 |
4 |
|a Derecho Militar
|z Brasil
|
| 740 |
0 |
|
|a vLex Libros (Servicio en ln̕ea)
|
| 856 |
4 |
0 |
|u http://vlex.com/source/filosofias-direito-brasil-21087
|z Acceso restringido
|
| 942 |
|
|
|c BOOK
|
| 999 |
0 |
|
|a Military Law
|